Liderazgo (Registro nro. 2313)

Detalles MARC
000 -LEADER
fixed length control field 01525 a2200265 4500
001 - CONTROL NUMBER
control field 32957
005 - DATE AND TIME OF LATEST TRANSACTION
control field 20260407155624.0
008 - FIXED-LENGTH DATA ELEMENTS--GENERAL INFORMATION
fixed length control field 260407a2010 arg spa d
003 - CONTROL NUMBER IDENTIFIER
control field AR-UNSa-BCEJYS
040 ## - CATALOGING SOURCE
Original cataloging agency AR-UNSa-BCEJYS
Language of cataloging spa
Transcribing agency AR-UNSa-BCEJYS
080 ## - UNIVERSAL DECIMAL CLASSIFICATION NUMBER
Universal Decimal Classification number 316.46
Common auxiliary subdivision Liderazgo
020 ## - INTERNATIONAL STANDARD BOOK NUMBER
International Standard Book Number 978-607-481-381-4
041 ## - LANGUAGE CODE
Language code of text/sound track or separate title spa
100 1# - MAIN ENTRY--PERSONAL NAME
Personal name Lussier, Robert N.
245 10 - TITLE STATEMENT
Title Liderazgo
Name of part/section of a work teoría, aplicación y desarrollo de habiliadades
250 ## - EDITION STATEMENT
Edition statement 4a. ed
264 #1 - PRODUCTION, PUBLICATION, DISTRIBUTION, MANUFACTURE, AND COPYRIGHT NOTICE
Place of production, publication, distribution, manufacture México :
Name of producer, publisher, distributor, manufacturer Cengage Learning Editores
Date of production, publication, distribution, manufacture, or copyright notice 2010
300 ## - PHYSICAL DESCRIPTION
Extent xxvi, 525 p.
Dimensions 27 cm.
505 ## - FORMATTED CONTENTS NOTE
Formatted contents note I: Los individuos como líderes : 1.¿ Quién es un lider? - 2. Rasgo del liderazgo y ética - 3. Comportamiento de liderazgo y motivación - 4. Influencia: poder, política, creación de redes y negociación - 5. Teorías de liderazgo por contingencias - II: Liderazgo de equipos : 6. Habilidades de comunicación, coaching y manejo de conflicto - 7. Relaciones entre líder y los seguidores - 8. Liderazgo de equipo y equipos autodirigidos - III: Liderazgo organizacional: 9. Liderazgo carismático y liderazgo transformacional - 10. Liderazgo de cultura, ética y diversidad -11. Liderazgo estratégico y administración del cambio - 12. Liderazgo de crisis y la organización que aprende -
590 ## - LOCAL NOTE (RLIN)
Local note niveau_biblio:m niveau_hierar:0
700 1# - ADDED ENTRY--PERSONAL NAME
Personal name Achua, Chistopher F.
700 1# - ADDED ENTRY--PERSONAL NAME
Personal name Treviño Rosales, Magda Elizabeth
856 41 - ELECTRONIC LOCATION AND ACCESS
Uniform Resource Identifier <a href="https://biblioeco.unsa.edu.ar/pmb/images/libros/liderazgo.jpg">https://biblioeco.unsa.edu.ar/pmb/images/libros/liderazgo.jpg</a>
Link text Imagen de portada
Electronic format type image/jpeg
942 ## - ADDED ENTRY ELEMENTS (KOHA)
Koha item type
Existencias
Withdrawn status Lost status Damaged status Not for loan Home library Current library Shelving location Date acquired Total checkouts Full call number Barcode Date last seen Price effective from Koha item type
        Biblioteca Prof. Eusebio Cleto del Rey Biblioteca Prof. Eusebio Cleto del Rey   07/04/2026   316.46 L972 4ed. L125191 07/04/2026 07/04/2026 Libro
        Biblioteca Prof. Eusebio Cleto del Rey Biblioteca Prof. Eusebio Cleto del Rey   07/04/2026   316.46 L972 4ed. L125192 07/04/2026 07/04/2026 Libro
        Biblioteca Prof. Eusebio Cleto del Rey Biblioteca Prof. Eusebio Cleto del Rey   07/04/2026   316.46 L972 4ed. L125193 07/04/2026 07/04/2026 Libro